Sing About Me, I'm Dying Of Thirst - Kendrick Lamar (All Lyrics) - Statistics

General Stats
  • This quiz has been taken 404 times
  • The average score is 922 of 1572
Answer Stats
Hint Answer % Correct
A
100%
a
100%
I
99%
x2 | x3 about
98%
about,
98%
x2 | x3 me
98%
me,
98%
x2 you
98%
You
98%
of
97%
Of
97%
x2 | x3 sing
97%
n****
96%
n****,
96%
x2 | x3 that
96%
That
96%
the
96%
The
96%
an
95%
Chorus | Chrous | Outro | +2 others Promise
95%
promise
95%
x2 will
95%
will,
95%
and
94%
And
94%
To
94%
to
94%
to,
94%
my
93%
My
93%
it
92%
it,
92%
"It
92%
it?
92%
Chorus | SingAbout Me Chorus When
92%
when
92%
do
91%
lights
89%
it's
88%
It's
88%
off
88%
turn
87%
set
86%
who
86%
Who
86%
down,
85%
down
85%
I'm
85%
In
85%
in
85%
in?
85%
concern
84%
settle
84%
main
83%
shut
82%
die
81%
he
78%
He
78%
no
78%
this
77%
This
77%
be,
75%
be
75%
up
75%
for
74%
for—
74%
said
73%
hear
72%
hop
72%
on
72%
On
72%
woke
72%
call
71%
not
71%
her
69%
Her
69%
her,
69%
what
69%
Verse4 What
69%
your
69%
Your
69%
is
68%
is,
68%
morning
68%
So
68%
so
68%
brother
66%
if
66%
If
66%
we
66%
fuck
64%
fuck,
64%
"fuck
64%
life
64%
life,
64%
was
63%
got
62%
Got
62%
tomorrow
62%
run
61%
figured
60%
here
60%
know
60%
know,
60%
know—)
60%
can
59%
I'd
59%
case
58%
mind,
58%
mind
58%
out
57%
out,
57%
like
56%
Like
56%
never
56%
baby
55%
Baby"
55%
but
55%
But
55%
hope
55%
Hope
55%
just
55%
Just
55%
really
55%
Really
55%
album
54%
ever
54%
him
54%
I'll
54%
sister
54%
cry
53%
Cry
53%
cry,
53%
Or
53%
or
53%
shit
53%
shit?
53%
x3 Dyin'
52%
x2 dyin'
52%
ta
52%
x3 thirst
52%
x2 thirst,
52%
did
51%
Did
51%
as
50%
away
50%
x2 away,
50%
away?
50%
before
50%
drop,
50%
feel
50%
"Get
50%
get
50%
last
50%
put
50%
song
50%
song,
50%
By
49%
by
49%
dream
49%
his
49%
make
49%
nothin',
49%
then
49%
Then
49%
you'll
49%
80
48%
behind
48%
hopin'
48%
distorted
47%
find
47%
routine
47%
Section
47%
borrow
46%
ghetto
46%
help
46%
important
46%
trouble
46%
what's
46%
What's
46%
'cause
45%
'Cause
45%
fade
45%
need
45%
Am
44%
another
44%
blood
44%
Held
44%
how
44%
How
44%
made
44%
quite
44%
suck
44%
wrote
44%
every
43%
newborn
43%
swallow
43%
at
42%
at,
42%
back,
42%
Back
42%
back
42%
believe
42%
big
42%
come
42%
forever
42%
night
42%
own
42%
peace
42%
runnin',
42%
runnin'
42%
story
42%
where
42%
heard
41%
nothing
41%
one
41%
orphanage
41%
tie
41%
bullet
40%
called
40%
hands
40%
Hands
40%
love
40%
man,
40%
See,
40%
See
40%
"See,
40%
time
40%
time,
40%
with
40%
With
40%
are
39%
'em!"
39%
'em
39%
fortunate
39%
| I'm DyingOf Thirst Verse 1 Tired
39%
tired
39%
"Brenda's
38%
don't
38%
Don't
38%
tell
38%
Tell
38%
told
38%
told"
38%
why
38%
alright
37%
enough
37%
everything
37%
give
37%
Had
37%
right
37%
right,
37%
some
37%
that's
37%
That's
37%
water
37%
water,
37%
work
37%
ass
36%
Even
36%
even
36%
eyes
36%
lot,
36%
lot
36%
outside
36%
ran
36%
reaction
36%
system
36%
tape
36%
titties
36%
bounce
35%
bounce,
35%
could
35%
cousin
35%
duck
35%
keys
35%
black
34%
distraction
34%
madness
34%
message
34%
Park,
34%
stuck
34%
well
34%
Well,
34%
ain't
33%
ask
33%
consider
33%
damaged
33%
demon
33%
fight
33%
girl
33%
I'ma
33%
live
33%
past
33%
plan's
33%
rather
33%
sure
33%
they
33%
three
33%
Three
33%
too
33%
Verse5 Too
33%
victim
33%
vindictive
33%
happen
32%
murderous
32%
now
32%
Now
32%
parking
32%
rhythm
32%
ride
32%
These
32%
these
32%
against
31%
bein'
31%
blast
31%
day
31%
exactly
31%
Exactly
31%
pray
31%
same
31%
tried
31%
went
31%
attention,
30%
dollars
30%
mentality
30%
spilled
30%
type
30%
week
30%
women
30%
4
29%
beat
29%
cadence
29%
dun
29%
fate
29%
great?
29%
happened
29%
Jesus
29%
Judgin'
29%
mother
29%
pitch
29%
prosper
29%
than
29%
you're
29%
askin'
28%
bring
28%
Bring
28%
cats
28%
dogs
28%
dumb
28%
Everybody's
28%
tip
28%
trip
28%
became
27%
been
27%
child,
27%
died
27%
father
27%
future
27%
have
27%
probably
27%
resembled
27%
"Sorry
27%
whenever
27%
whispering
27%
woman
27%
favorite
26%
first
26%
glued
26%
lie
26%
look
26%
Look
26%
name
26%
problem
26%
room,
26%
seen
26%
straight
26%
tossed
26%
us
26%
vain,
26%
actuality
25%
all
25%
colors
25%
completely
25%
devoted
25%
doctor's
25%
loss"
25%
Prognosis
25%
push
25%
rains
25%
somethin'
25%
thunder
25%
tryin'
25%
wait
25%
wonder
25%
worth
25%
can't
24%
comes
24%
David
24%
duns
24%
fact,
24%
late
24%
little
24%
mention
24%
miss
24%
pajamas
24%
physically
24%
Piru
24%
taught
24%
walk
24%
death
23%
Holy
23%
kind,
23%
longer
23%
many
23%
Matter
23%
matter
23%
point
23%
show
23%
today,
23%
today
23%
wherever,
23%
better
22%
from
22%
gain
22%
gone
22%
hormones
22%
huntin',
22%
knew
22%
leader,
22%
married
22%
named
22%
passion
22%
proud
22%
recover
22%
approval
21%
crazy
21%
discover
21%
E's
21%
exhausted,
21%
family
21%
forty
21%
gene
21%
learn
21%
side
21%
tryna
21%
waste
21%
works"
21%
yet,
21%
youngin
21%
date,
20%
foster
20%
Heaven
20%
homes,
20%
pumps
20%
used
20%
fit
19%
hearin'
19%
ignorance
19%
loud
19%
mirror
19%
myself:
19%
doubted
18%
may
18%
May
18%
x2 power
18%
pussy
18%
pussy,
18%
rebuttal
18%
scared
18%
followed
17%
Gonzales
17%
ignore
17%
lost
17%
lyin'
17%
passin'
17%
Say
17%
say
17%
count
16%
male
16%
money,
16%
x2 Money
16%
Money,
16%
moons
16%
oh,
16%
oh
16%
sleep
16%
wasn't
16%
wasn't,
16%
cake,
15%
drown
15%
gender
15%
Hell
15%
retirin'
15%
Verse3 Sometimes
15%
watch
15%
any
14%
blessed
14%
buyin'
14%
denim
14%
Ghost
14%
intentions
14%
motherfuckers
14%
9,
13%
doomed
13%
eyein'
13%
list
13%
(Lord,
13%
other
13%
screen
13%
sins,
13%
sister's
13%
soon,
13%
stomach
13%
suffer
13%
'til
13%
TV
13%
mighty
12%
sell
12%
strong
12%
Talkin'
12%
free,
11%
good
11%
grind
11%
infatuated
11%
knots
11%
lifeline
11%
powerful
11%
raps
11%
situation
11%
speak
11%
tougher
11%
womb
11%
wrong
11%
between
10%
corner,
10%
dead,
10%
direction
10%
dreamer
10%
glass
10%
glory,
10%
hot,
10%
means,
10%
N****s
10%
n****s
10%
realer
10%
reaper,
10%
reaper
10%
songs
10%
Tires
10%
tongue
10%
weak
10%
AK
9%
allegiance
9%
drugs
9%
Fightin'
9%
imagination
9%
Maybe
9%
offend
9%
pulled
9%
steady
9%
surely
9%
threats
9%
tinklin'
9%
wheel,
9%
world",
9%
after
8%
aggravation
8%
bullets,
8%
bullets
8%
continue
8%
coroner,
8%
Daughter
8%
fire
8%
generations
8%
least
8%
momma
8%
only
8%
personal
8%
rappin'
8%
rest
8%
rights,
8%
screechin',
8%
sex
8%
sinner)
8%
soul
8%
twenty
8%
vouch
8%
Banana
7%
banana
7%
Channel
7%
channel
7%
city
7%
couldn't,
7%
Cursin'
7%
footage,
7%
guns
7%
lives,
7%
next
7%
pudding,
7%
reekin'
7%
scent
7%
Tre,
7%
wonderin'
7%
x2 Yours
7%
clip,
6%
driver
6%
favorites
6%
foolin',
6%
mournin'
6%
x2 ours
6%
rich,
6%
shoot
6%
best
5%
callin',
5%
coward,
5%
distracted
5%
doin',
5%
x3 Dye
5%
energy
5%
ensurin'
5%
hard
5%
hood
5%
Lay
5%
lookin'
5%
music
5%
slave,
5%
split
5%
Stray
5%
5's
4%
beef
4%
bubblin',
4%
burn
4%
cameras
4%
comin',
4%
Cuba
4%
days,
4%
days
4%
Verse2 Dope
4%
Dreams
4%
eternity,
4%
flower,
4%
honest
4%
ooooh
4%
patiently,
4%
return
4%
rubbin',
4%
schema
4%
snitch,
4%
stress
4%
tower
4%
truth
4%
x2 tumblin'
4%
waitin'
4%
what'd
4%
Whatever
4%
cottonmouth,
3%
crooked,
3%
forgive
3%
Gooding,
3%
grave,
3%
greed
3%
learned
3%
louder,
3%
Over
3%
proven,
3%
rapture
3%
Resuscitation
3%
shotty
3%
student
3%
ballin'
2%
business,
2%
choirs
2%
cousins,
2%
crave?
2%
discussion,
2%
notes
2%
righteous
2%
Spalding
2%
tarnished?
2%
vanity
2%
visit,
2%
Buick,
1%
drought,
1%
x2 granted,
1%
hummin',
1%
loadin'
1%
pastor
1%
send
1%
takin'
1%
backwards
0%
feudin'
0%
Hereditary,
0%
provoke,
0%
Somebody
0%
No matching quizzes found
Score Distribution
Percent of People with Each Score
Percentile by Number Answered
Your Score History
You have not taken this quiz